• 首页
  • 本馆介绍
  • 公告通知
  • 最新文献
  • 馆藏检索
  • 电子资源
  • 读者导购
  • 参考咨询
  • 我的图书馆
  • 登录
  • 详细信息显示
  • 放入我的书架
  • 预约/预借图书
  • 作者相关作品
  • 分类相关作品
  • 丛书相关作品
  • 出版社相关作品

书目信息

  • 表格格式
  • 工作单格式
  • 卡片格式
题名:
基督不到的地方
    
 
作者: 勒维 , Levi 著 ;王仲年 , 恩琦 译
分册:  
出版信息: 上海   上海译文出版社  1982
页数: 217页
开本: 21cm
丛书名:
单 册:
中图分类: I546.4
科图分类:
主题词: 文学 , 长篇小说--意大利--现代
电子资源:
ISBN:
000 00853nam0 2200301 45
001 0182002380
005 20060914090937.60
010    @dCNY0.71
091    @a10188.291
100    @a19950602d1982 em y0chiy0121 ea
101 1  @achi@cita
102    @aCN@b310000
105    @ay z 000ay
200 10 @a基督不到的地方@Aji du bu dao de di fang@f(意)卡罗·勒维(C.Levi)著@g王仲年,恩琦译
210    @a上海@c上海译文出版社@d1982
215    @a217页@d21cm
300    @a书名原文:Christ Stopped at Eboli
510 1  @aChrist Stopped at Eboli@zita
606 0  @a文学
606    @a长篇小说@y意大利@z现代
690    @aI546.4
701  1 @a勒维@Ale wei@bC.@4著
701 A1 @aLevi@bC.@4著
702  0 @a王仲年@Awang zhong nian@4译
702  0 @a恩琦@Aen qi@4译
801  0 @aCN@b上海图书馆@c20060914
801  2 @aCN@bNLC@c20060812
905    @dI546.4@e10
    
    基督不到的地方/(意)卡罗·勒维(C.Levi)著/王仲年,恩琦译.-上海:上海译文出版社,1982
    217页;21cm
    书名原文:Christ Stopped at Eboli
    
    ISBN :CNY0.71
    
●
相关链接 在E读中查询图书 在五车中查询图书 在当当中查询图书 在豆瓣中查询图书


正题名:基督不到的地方     索取号:I546.4/10         预约/预借

序号 登录号 条形码 馆藏地/架位号 状态 备注
1 0086881   000672052   密集书库/ [索取号:I546.4/10] 在馆    
2 0086882   000672089   密集书库/ [索取号:I546.4/10] 在馆    
3 0086883   000672061   密集书库/ [索取号:I546.4/10] 在馆    
4 0086884   000672070   密集书库/ [索取号:I546.4/10] 在馆    
5 0086885   000672114   第一样本阅览室/ [索取号:I546.4/10] 在馆    
6 0218121   000672043   密集书库/ [索取号:I546.4/10] 在馆    
7 0218122   000672098   密集书库/ [索取号:I546.4/10] 在馆    
8 0218123   000672105   第二借阅区/ [索取号:I546.4/10] 在馆    
9 0457858   204578581   密集书库/ [索取号:I546.4/10] 在馆    
10 0457859   204578590   密集书库/ [索取号:I546.4/10] 在馆    
11 0473626   204736269   密集书库/ [索取号:I546.4/10] 在馆    
唐山师范学院图书馆 欢迎您!
大连网信软件有限公司© 版权所有